Different concept of project development and its effect on profit
| Main Author: | |
|---|---|
| Format: | Book |
| Published: |
2000
|
| Subjects: |
MARC
| LEADER | 00000cam a2200000 7i4500 | ||
|---|---|---|---|
| 001 | 0000016191 | ||
| 005 | 20060210.0 | ||
| 040 | |a INS | ||
| 090 | 0 | 0 | |a KK163 |
| 100 | 0 | |a Hanum Bt. Mohd Nor | |
| 245 | 1 | 0 | |a Different concept of project development and its effect on profit |c Hanum Bt. Mohd Nor |
| 260 | |a 2000 | ||
| 300 | |a 10ms ; |c 30cm. | ||
| 650 | 0 | 0 | |a Building |x Estimates |
| 650 | 0 | 0 | |a Construction contracts |
| 999 | |a KK00000405 |b BOOK |c Banned Items |e Default branch | ||